All Atlanta Professional Sports Teams - Statistics

General Stats
  • This quiz has been taken 35 times
  • The average score is 4 of 5
Answer Stats
Picture Answer % Correct
Atlanta Falcons
100%
Atlanta Braves
94%
Atlanta Hawks
94%
Atlanta United FC
55%
Georgia Swarm
33%
No matching quizzes found
Score Distribution
Percent of People with Each Score
Percentile by Number Answered
Your Score History
You have not taken this quiz